|
|
|
|
| LEADER |
00000nam0a2200000 4500 |
| 001 |
75745 |
| 005 |
20231031091036.0 |
| 020 |
|
|
|a RU
|b 80-54019
|
| 035 |
|
|
|a (RuTPU)RU\TPU\book\80821
|
| 090 |
|
|
|a 75745
|
| 100 |
|
|
|a 20050401d1980 m a0rusy5003 ca
|
| 101 |
0 |
|
|a rus
|
| 102 |
|
|
|a RU
|
| 105 |
|
|
|a a j 000zy
|
| 200 |
1 |
|
|a Сборник задач по теории электрических цепей
|e Учеб. пособие для электротехн. и радиотехн. спец. вузов
|g Под ред. П. Н. Матханова ; Л. В. Данилова
|
| 210 |
|
|
|a Москва
|c Высш. школа
|d 1980
|
| 215 |
|
|
|a 224 с.
|c схем.
|
| 300 |
|
|
|a Авт. указаны на обороте тит. л.
|
| 610 |
1 |
|
|a электрические цепи
|
| 610 |
1 |
|
|a задачи
|
| 610 |
1 |
|
|a теория
|
| 610 |
1 |
|
|a учебные пособия
|
| 675 |
|
|
|a 621.3.011.7(076.1)
|z rus
|
| 702 |
|
1 |
|a Данилов
|b Л. В.
|g Лев Владимирович
|4 340
|
| 702 |
|
1 |
|a Мерзлютин
|b Ю. Б.
|4 340
|
| 702 |
|
1 |
|a Матханов
|b П. Н.
|g Платон Николаевич
|4 340
|
| 801 |
|
0 |
|a RU
|b RuMRKP
|c 19950704
|g psbo
|
| 801 |
|
1 |
|a RU
|b 63413507
|c 20050401
|g PSBO
|
| 801 |
|
2 |
|a RU
|b 63413507
|c 20200714
|g PSBO
|
| 942 |
|
|
|c BK
|